Online Catalogue and eLibrary

Lengathukama (Record no. 5268)

MARC details
000 -LEADER
fixed length control field 00412nam a2200157Ia 4500
005 - DATE AND TIME OF LATEST TRANSACTION
control field 20250701023551.0
008 - FIXED-LENGTH DATA ELEMENTS--GENERAL INFORMATION
fixed length control field 240331s9999 xx 000 0 und d
020 ## - INTERNATIONAL STANDARD BOOK NUMBER
ISBN 9552084016
082 ## - DDC Classification
Item Number - Author Mark SAR
Class No. 823
100 ## - MAIN ENTRY--PERSONAL NAME
Personal name Sarath Ananda,G.G
245 #0 - TITLE STATEMENT
Title Lengathukama
260 ## - PUBLICATION, DISTRIBUTION, ETC.
Place of publication, distribution, etc. Colombo
Name of publisher, distributor, etc. S. Godage & Brothers
Date of publication, distribution, etc. 2006
300 ## - PHYSICAL DESCRIPTION
Extent (e.g. Volumes, Pages etc.) 140 p .,
500 ## - GENERAL NOTE
General note Short Stories by Tamil poets who shed Tamil Blood
942 ## - Koha item type (Biblio)
Koha item type Books in Stacks (Lending)
Holdings
Lost status Damaged status Collection code Home library Current library Shelving location Date acquired Full call number Accession Number Item type
    Lending WERC Library WERC Library Social Science Cupboard 03/31/2024 823 SAR 6213 Books in Stacks (Lending)

© WERC Library